O umeleckohistorických pamiatkach kostola v Strážkach

Bibliographic Details
Main Author: Spoločníková, Mária, 1926-2021 (Author)
Format: Article
Language:Slovak
PhysicalDescription:Fotogr.
Subjects:

MARC

LEADER 00000nab a2200000 ar4500
001 vtls009027692
003 SK-MaSNL
005 20260303065529.0
008 070723|2007 xo er|p|||||||000 b|slo
015 |a SNBRA2007/05 
038 |a PPPK 
040 |a PPPKCL  |b slo  |c PPPKCL  |e AACR2 
041 0 |a slo 
044 |a xo  |c SK 
080 |a 726.59  |x (437.6)  |2 1997 
080 |a 719  |x (437.6)  |2 1997 
100 1 |a Spoločníková, Mária,  |d 1926-2021  |4 aut  |9 204134 
245 1 0 |a O umeleckohistorických pamiatkach kostola v Strážkach  |c Mária Spoločníková 
300 |b Fotogr. 
610 0 7 |a Kostol sv. Anny (Spišská Belá-Strážky, Slovensko)  |2 pppkcl  |9 1065708 
650 0 7 |a umelecké pamiatky  |2 pppkcl  |9 2977 
650 0 7 |a historické pamiatky  |2 pppkcl  |9 75346 
651 7 |a Strážky (Spišská Belá, Slovensko)  |x umeleckohistorické pamiatky  |2 pppkcl  |9 1065709 
773 0 |t Z minulosti Spišskej Belej. Ročenka mesta Spišská Belá. III. ročník  |d Spišská Belá - Levoča : Mestský úrad - Spišský dejepisný spolok, 1997  |g S. 58-67 
852 |a PPPK  |b KIS3GCP 
999 |c 1751578  |d 1753508